Chapter 1 Teaching in the Shadow (Record no. 13416)
[ view plain ]
| 000 -LEADER | |
|---|---|
| fixed length control field | 00668nam a2200121Ia 4500 |
| 008 - FIXED-LENGTH DATA ELEMENTS--GENERAL INFORMATION | |
| fixed length control field | 220615s9999||||xx |||||||||||||| ||und|| |
| 100 ## - MAIN ENTRY--PERSONAL NAME | |
| Personal name | Hollins, Etta R. |
| 245 #0 - TITLE STATEMENT | |
| Title | Chapter 1 Teaching in the Shadow |
| 546 ## - LANGUAGE NOTE | |
| Language note | English[eng] |
| 650 ## - SUBJECT ADDED ENTRY--TOPICAL TERM | |
| Topical term or geographic name entry element | Etta R. Hollins||conceptualizing||planning and engaging in powerful teaching||novice teacher professional development||novice teachers||preservice teacher preparation||teacher preparation for urban classrooms||teacher preparation programs||teaching and learning in urban classroom||urban schools||urban students |
| 856 ## - ELECTRONIC LOCATION AND ACCESS | |
| Uniform Resource Identifier | <a href="https://library.oapen.org/bitstream/20.500.12657/41400/1/9780415399135_oachapter1.pdf">https://library.oapen.org/bitstream/20.500.12657/41400/1/9780415399135_oachapter1.pdf</a> |
| 942 ## - ADDED ENTRY ELEMENTS (KOHA) | |
| Koha item type | E-Books |
| Withdrawn status | Lost status | Damaged status | Not for loan | Home library | Current library | Date acquired | Total Checkouts | Date last seen | Price effective from | Koha item type |
|---|---|---|---|---|---|---|---|---|---|---|
| Kerala University of Digital Sciences, Innovation and Technology Knowledge Centre | Kerala University of Digital Sciences, Innovation and Technology Knowledge Centre | 15/06/2022 | 15/06/2022 | 15/06/2022 | E-Books |